Múzeum Janka Kráľa Liptovský Mikuláš

Bibliographic Details
Main Author: Rybárska, Ľubica (múzejníčka) (Author)
Format: Book
Language:Slovak
English
German
PhysicalDescription:[24] s. fotogr. 30 cm
Published: V Liptovskom Mikuláši Múzeum Janka Kráľa 1997
Edition:[1. vyd.]
Subjects:

MARC

LEADER 00000nam a2200000 a 4500
001 vtls001562547
003 SK-MaSNL
005 20260301164221.0
008 240318s1997 xo o g c 000 0 slo
020 |q (brož.) 
040 |a SNK  |b slo  |c SNK  |e AACR2 
041 0 |a slo  |a eng  |a ger 
043 |a e-xo--- 
072 7 |a 94(437)  |x Dejiny Česka a Slovenska  |2 konspekt 
080 |a 94(437.641.115.142)  |2 1997 
080 |a (083.824)  |2 1997 
100 1 |a Rybárska, Ľubica  |c (múzejníčka)  |4 aut  |9 84543 
245 1 0 |a Múzeum Janka Kráľa Liptovský Mikuláš  |c [texty: Ľubica Rybárska] 
246 1 1 |a Janko Kráľ museum Liptovský Mikuláš 
246 1 1 |a Das Janko Kráľ Museum Liptovský Mikuláš 
250 |a [1. vyd.] 
260 |a V Liptovskom Mikuláši  |b Múzeum Janka Kráľa  |c 1997 
300 |a [24] s.  |b fotogr.  |c 30 cm 
500 |a Názov z obalu 
546 |a Súbežný názov a text angl. a nem. 
610 2 7 |a Múzeum Janka Kráľa  |2 SNKKA  |9 33034 
651 7 |a Liptovský Mikuláš (Slovensko)  |2 SNKPH  |9 36847 
655 7 |a katalógy výstav  |2 SNKPH  |9 70445 
752 |a Slovensko  |d Liptovský Mikuláš 
999 |c 819782  |d 821712 
952 |a SNK  |b SNK  |y PREZ  |7 0  |p 17A0464185  |o snkOSB 14287  |i snk2005/7200  |8 1  |0 0  |1 0  |4 0  |d 2005-04-28  |l 0  |r 2026-02-24 03:03:06  |w 2026-02-24